Normal view
MARC view
- McCaig, Iain.
Entry Personal Name
001 - CONTROL NUMBER
- control field: 25186
003 - CONTROL NUMBER IDENTIFIER
- control field: NUST
005 - DATE AND TIME OF LATEST TRANSACTION
- control field: 20191105113517.0
008 - FIXED-LENGTH DATA ELEMENTS
- fixed length control field: 191105|| aca||aabn | a|a d
040 ## - CATALOGING SOURCE
- Original cataloging agency: NUST
- Transcribing agency: NUST
100 ## - HEADING--PERSONAL NAME
- Personal name: McCaig, Iain.
670 ## - SOURCE DATA FOUND
- Source citation: Work cat.: (NUST)0: Bill Martin 25183, English Heritage practical building conservation. Conservation basics /, c2013.
